000
00305nam a2200133Ia 4500
008
240624s9999 xx 000 0 und d
041
_a
eng
082
_a
332 JON
100
_a
JONES CHRIS
245
_a
FINANCIAL ECONOMICS
260
_c
2008
_a
London
_b
Routledge
300
_a
336 : p.
365
_c
GBP
_b
29
999
_c
21093
_d
21093